000
00212nam a22001097a 4500
082
_a
512.895YUS
100
_a
Yusuf.S.M.
245
_a
Vector analysis
260
_a
Lahore
_c
1986
300
_a
114
942
_c
BK
999
_c
14170
_d
14170